000 00997nam a2200301 i 4500
003 DO-SdBNP
005 20240412074311.0
007 ta
008 110117s198? dr a 000 j spa d
040 _aDO-SdBNP
_bspa
_cBNPHU
_erda
082 _bN322
_222
100 _aNavarro Castellanos, Alfonso
_973773
245 1 3 _aDescripción del Sine :
_báreas y etapas /
_cAlfonso Navarro Castellanos
264 1 _aSanto Domingo :
_bCEVREST,
_c[198-].
300 _a57 páginas
_bilustraciones
_c21 cm.
336 _2rdacontent
_atexto
_btxt
337 _2rdamedia
_asin mediación
_bn
338 _2rdacarrier
_avolumen
_bnc
490 1 _aPublicaciones del CEVREST
_v2
590 _aInventariado, 2023/ YL
650 0 _aCuentos dominicanos
_9176
650 0 _aPoesía dominicana
_966
650 0 _aLiteratura dominicana.
_967
650 4 _aLiteratura infantil
_92053
710 _aCentro de la Nueva Evangelización "Santísima Trinidad" (CEVREST)
_984651
910 _aYLockward
942 _2ddc
_cLBS1
999 _c55534
_d55534